[Event "Automne-B"]
[Site "Gatineau CAN"]
[Date "2016.11.01"]
[Round "2"]
[White "Sabourin, Yves"]
[Black "Ethier, Valori"]
[Result "1-0"]
[WhiteElo "1463"]
[BlackElo "1397"]
[PlyCount "107"]
[EventDate "2016.10.25"]
[EventType "swiss"]
[EventRounds "5"]
[EventCountry "CAN"]

1. e4 c6 2. d4 d5 3. e5 Bf5 4. Bd3 Bxd3 5. Qxd3 e6 6. Nf3 Qa5+ 7. Bd2 Qa6 8.
Qxa6 Nxa6 9. a3 c5 10. c3 Rc8 11. O-O g6 12. Be3 cxd4 13. Bxd4 Bc5 14. b4 Bxd4
15. cxd4 Rc2 16. Nbd2 Ne7 17. Rfc1 Rxc1+ 18. Rxc1 O-O 19. b5 Nb8 20. Rc7 Re8
21. Rxb7 a6 22. a4 axb5 23. axb5 Nf5 24. Nb3 Rc8 25. Nc5 Ng7 26. b6 Nf5 27. Rc7
Re8 28. Nd7 Nxd7 29. Rxd7 Rc8 30. Rc7 Rxc7 31. bxc7 Ne7 32. Nd2 Kf8 33. Nb3 Nc8
34. Nc5 Ke7 35. Kf1 Ke8 36. Ke2 Ke7 37. Kd3 Ke8 38. Kc3 Ke7 39. Kb4 Ke8 40. Ka5
Ne7 41. Kb6 Nc8+ 42. Kb7 Ne7 43. c8=Q+ Nxc8 44. Kxc8 Ke7 45. Kc7 Ke8 46. Kd6
Kd8 47. Nxe6+ fxe6 48. Kxe6 Ke8 49. Kxd5 Kd7 50. e6+ Ke8 51. Ke5 Ke7 52. d5 h6
53. d6+ Kd8 54. Kf6 1-0

[Event "Automne-B"]
[Site "Gatineau CAN"]
[Date "2016.11.01"]
[Round "2"]
[White "Seguin, Hubert"]
[Black "Legare, Gilles"]
[Result "1-0"]
[WhiteElo "1549"]
[BlackElo "1055"]
[PlyCount "49"]
[EventDate "2016.10.25"]
[EventType "swiss"]
[EventRounds "5"]
[EventCountry "CAN"]

1. e4 c5 2. Nc3 e6 3. g3 Nc6 4. Bg2 e5 5. d3 Nf6 6. Bg5 Be7 7. Nge2 d6 8. f4
Ng4 9. Bxe7 Nxe7 10. Qd2 d5 11. exd5 Nxd5 12. Nxd5 Be6 13. Nec3 Nf6 14. Nxf6+
Qxf6 15. Ne4 Qe7 16. fxe5 Rd8 17. O-O c4 18. d4 Bd5 19. Nd6+ Rxd6 20. exd6 Qxd6
21. Bxd5 Qxd5 22. Rae1+ Kd7 23. Re5 Qc6 24. Rxf7+ Kc8 25. Rc5 1-0

[Event "Automne-B"]
[Site "Gatineau CAN"]
[Date "2016.11.01"]
[Round "2"]
[White "Sigouin, Frederic"]
[Black "Berthiaume, Serge"]
[Result "0-1"]
[WhiteElo "1148"]
[BlackElo "1448"]
[PlyCount "62"]
[EventDate "2016.10.25"]
[EventType "swiss"]
[EventRounds "5"]
[EventCountry "CAN"]

1. e4 g6 2. d4 Bg7 3. c3 c5 4. Be3 Nc6 5. dxc5 Nf6 6. Nd2 O-O 7. Bd3 d5 8. cxd6
Qxd6 9. Bc2 Ng4 10. Nc4 Qc7 11. f3 Nxe3 12. Nxe3 Be5 13. Nd5 Qd6 14. Qe2 e6 15.
f4 Bxf4 16. Nxf4 Qxf4 17. Nh3 Qh4+ 18. Nf2 Ne5 19. O-O Bd7 20. Bd1 a6 21. Qd2
Bb5 22. Be2 Nc4 23. Qd4 Rfd8 24. Qc5 Nd2 25. g3 Nxe4 26. Nxe4 Qxe4 27. Qc7 Rd7
28. Bf3 Qe3+ 29. Kg2 Rxc7 30. Rae1 Qd2+ 31. Be2 Bxe2 0-1

[Event "Automne-B"]
[Site "Gatineau CAN"]
[Date "2016.11.01"]
[Round "2"]
[White "Traversy, Pierre"]
[Black "Simard, Paul"]
[Result "0-1"]
[WhiteElo "1210"]
[BlackElo "1192"]
[PlyCount "70"]
[EventDate "2016.10.25"]
[EventType "swiss"]
[EventRounds "5"]
[EventCountry "CAN"]

1. d4 f5 2. Nf3 e6 3. Nc3 Nf6 4. e3 b6 5. g3 Bb4 6. Bg2 Bb7 7. Bd2 O-O 8. a3
Bxc3 9. Bxc3 Ne4 10. Bd2 d6 11. c4 Nd7 12. O-O Ba6 13. b3 Ndf6 14. h3 c5 15.
Re1 cxd4 16. Nxd4 Qd7 17. Qc2 Bb7 18. Bc3 Rac8 19. Qb2 a6 20. Rac1 Ba8 21. Re2
Nc5 22. Qc2 Nce4 23. Be1 b5 24. Qb2 Nc5 25. Rd2 Be4 26. Bf1 Qf7 27. f3 Ba8 28.
Bg2 Nfd7 29. cxb5 Bb7 30. bxa6 Bxa6 31. Bf1 Ne5 32. Be2 Bxe2 33. Rxc5 dxc5 34.
Rxe2 cxd4 35. Kf2 Nd3+ 0-1

[Event "Automne-B"]
[Site "Gatineau CAN"]
[Date "2016.11.08"]
[Round "3"]
[White "Berthiaume, Serge"]
[Black "Sabourin, Yves"]
[Result "1-0"]
[WhiteElo "1448"]
[BlackElo "1463"]
[PlyCount "63"]
[EventDate "2016.10.25"]
[EventType "swiss"]
[EventRounds "5"]
[EventCountry "CAN"]

1. c4 e5 2. Nc3 Nf6 3. Qc2 Nc6 4. Nf3 d5 5. cxd5 Nxd5 6. Nxe5 Nxe5 7. Qe4 Nb4
8. Qxe5+ Be7 9. Qe4 f5 10. Qb1 Be6 11. a3 Nd5 12. Nxd5 Qxd5 13. d3 O-O 14. Bd2
Qb3 15. Bc3 Bf6 16. Bxf6 Rxf6 17. Qc1 Bd5 18. Qc3 Qb6 19. b4 Rc6 20. Qb2 Rg6
21. Rg1 a5 22. Rb1 axb4 23. axb4 Ra2 24. Qe5 Be6 25. Qc5 Qd6 26. g3 b6 27. Qxd6
cxd6 28. Bg2 Rg4 29. f4 Rg6 30. Kf2 Bd7 31. Rgc1 Bb5 32. Bd5+ 1-0

[Event "Automne-B"]
[Site "Gatineau CAN"]
[Date "2016.11.08"]
[Round "3"]
[White "Clermont, Yves"]
[Black "Sigouin, Frederic"]
[Result "1/2-1/2"]
[WhiteElo "1268"]
[BlackElo "1148"]
[PlyCount "111"]
[EventDate "2016.10.25"]
[EventType "swiss"]
[EventRounds "5"]
[EventCountry "CAN"]

1. e4 e5 2. Nf3 Nc6 3. Bc4 Bc5 4. c3 f6 5. d4 Bd6 6. Qb3 Na5 7. Bf7+ Kf8 8. Qd5
Qe7 9. Bxg8 Rxg8 10. Qxa5 exd4 11. Qd5 Be5 12. Nxe5 fxe5 13. cxd4 d6 14. O-O c6
15. Qb3 Qf6 16. Nd2 Ke7 17. Qxg8 Qg5 18. Qb3 b5 19. Qg3 Bg4 20. h3 h5 21. hxg4
hxg4 22. dxe5 Rh8 23. exd6+ Ke6 24. f3 Qh6 25. Qxg4+ Kf7 26. Qh3 Qe3+ 27. Rf2
Rxh3 28. gxh3 Qc5 29. Nb3 Qxd6 30. Rd2 Qf6 31. Rd7+ Kg8 32. Rxa7 Qxf3 33. Bd2
Qg3+ 34. Kf1 Qxh3+ 35. Ke2 Qg2+ 36. Kd3 Qf2 37. Ra6 c5 38. Na5 Qd4+ 39. Ke2
Qxe4+ 40. Be3 Qc2+ 41. Bd2 Qxb2 42. Rc1 c4 43. Nxc4 bxc4 44. Rxc4 Kh7 45. Rh4+
Kg8 46. Ra8+ Kf7 47. Rf4+ Ke6 48. Re8+ Kd5 49. Rf5+ Kd6 50. a4 Qc2 51. Rf4 g5
52. Rd4+ Kc5 53. Ree4 Qa2 54. Rc4+ Qxc4+ 55. Rxc4+ Kxc4 56. Kf3 1/2-1/2

[Event "Automne-B"]
[Site "Gatineau CAN"]
[Date "2016.11.08"]
[Round "3"]
[White "Simard, Paul"]
[Black "Rioux, Jocelyn"]
[Result "0-1"]
[WhiteElo "1192"]
[BlackElo "1388"]
[PlyCount "92"]
[EventDate "2016.10.25"]
[EventType "swiss"]
[EventRounds "5"]
[EventCountry "CAN"]

1. f4 d5 2. e3 Nf6 3. Nf3 Nc6 4. Bb5 e6 5. b3 a6 6. Bxc6+ bxc6 7. Bb2 Be7 8.
O-O O-O 9. Ne5 Bb7 10. d3 c5 11. d4 cxd4 12. Bxd4 c5 13. Bb2 Qb6 14. Nd2 Rfd8
15. Qe2 Rac8 16. Ndf3 a5 17. c4 Ne4 18. Nd2 Nxd2 19. Qxd2 d4 20. Qe2 f6 21. Nd3
Be4 22. Rad1 Rd7 23. Nf2 Bg6 24. Ng4 Rcd8 25. Nf2 d3 26. Nxd3 Rxd3 27. e4 Rxd1
28. Rxd1 Rxd1+ 29. Qxd1 Bxe4 30. Qd7 Qd6 31. Qxd6 Bxd6 32. g3 Bb1 33. a4 Ba2
34. Bc3 Bxb3 35. Bxa5 Bxa4 36. Kf2 Bb3 37. Ke3 Bxc4 38. Bc3 e5 39. fxe5 fxe5
40. Ke4 Kf7 41. Bxe5 Bxe5 42. Kxe5 Bd3 43. Kd5 c4 44. Kd4 Ke6 45. h4 Kf5 46. h5
Kg4 0-1

[Event "Automne-B"]
[Site "Gatineau CAN"]
[Date "2016.11.15"]
[Round "4"]
[White "Arcand, Pierre"]
[Black "Clermont, Yves"]
[Result "1-0"]
[WhiteElo "1169"]
[BlackElo "1268"]
[PlyCount "75"]
[EventDate "2016.10.25"]
[EventType "swiss"]
[EventRounds "5"]
[EventCountry "CAN"]

1. e4 e6 2. Nf3 d5 3. Nc3 c5 4. exd5 exd5 5. Bb5+ Bd7 6. Qe2+ Be7 7. Nxd5 a6 8.
Bxd7+ Qxd7 9. Nxe7 Nxe7 10. Qe5 Qg4 11. O-O Nd7 12. Qe3 Qe6 13. Qxe6 fxe6 14.
Re1 O-O-O 15. Rxe6 Rhe8 16. d3 h6 17. b3 Nf5 18. Rxe8 Rxe8 19. Bb2 Re2 20. Rc1
Nf6 21. Bxf6 gxf6 22. Kf1 Re6 23. Re1 Rxe1+ 24. Kxe1 Kd7 25. Ke2 b5 26. g4 Ne7
27. h4 Nd5 28. Kd2 Kc6 29. g5 h5 30. c4 Ne7 31. gxf6 Ng6 32. f7 Kd6 33. Ke3 Ke7
34. d4 cxd4+ 35. Kxd4 bxc4 36. bxc4 Kxf7 37. Ne5+ Nxe5 38. Kxe5 1-0

[Event "Automne-B"]
[Site "Gatineau CAN"]
[Date "2016.11.15"]
[Round "4"]
[White "Bourbonnais, Luc"]
[Black "Lecorre, Joel"]
[Result "0-1"]
[WhiteElo "1234"]
[BlackElo "1535"]
[PlyCount "128"]
[EventDate "2016.10.25"]
[EventType "swiss"]
[EventRounds "5"]
[EventCountry "CAN"]

1. e4 d5 2. exd5 Nf6 3. d4 Nxd5 4. c4 Nb4 5. a3 N4c6 6. Nc3 Qxd4 7. Be3 Qxd1+
8. Rxd1 e6 9. Nf3 Be7 10. Be2 O-O 11. O-O a6 12. Bf4 Bd8 13. Rfe1 Nd7 14. Bf1
Nf6 15. h3 b6 16. Ne4 Ra7 17. Nxf6+ Bxf6 18. Ne5 Nxe5 19. Bxe5 Bxe5 20. Rxe5 f6
21. Re2 Kf7 22. Red2 Ke7 23. g3 Ra8 24. Bg2 Rb8 25. Bc6 e5 26. b4 Bxh3 27. Bd7
Be6 28. Bxe6 Kxe6 29. Kf1 Rf7 30. g4 Re8 31. Kg2 Ree7 32. f4 g6 33. Kg3 h5 34.
c5 bxc5 35. bxc5 hxg4 36. c6 Kf5 37. fxe5 Rxe5 38. Rd7 Re3+ 39. Kf2 Ree7 40.
Kg3 Kg5 41. Rxe7 Rxe7 42. Rd7 Re3+ 43. Kf2 Rxa3 44. Rxc7 Rc3 45. Rc8 f5 46. c7
a5 47. Ra8 Rxc7 48. Rxa5 Kh4 49. Ra4 Re7 50. Rd4 Re4 51. Rd6 Kg5 52. Rd5 Rf4+
53. Kg2 Rf3 54. Re5 Kf4 55. Rc5 Re3 56. Rc4+ Re4 57. Rc3 Re2+ 58. Kf1 Rd2 59.
Rc4+ Kg5 60. Rc5 g3 61. Kg1 Kg4 62. Rc7 f4 63. Rc4 g5 64. Kf1 Kh3 0-1

[Event "Automne-B"]
[Site "Gatineau CAN"]
[Date "2016.11.15"]
[Round "4"]
[White "Ethier, Valori"]
[Black "Simard, Paul"]
[Result "1/2-1/2"]
[WhiteElo "1397"]
[BlackElo "1192"]
[PlyCount "86"]
[EventDate "2016.10.25"]
[EventType "swiss"]
[EventRounds "5"]
[EventCountry "CAN"]

1. f4 e5 2. fxe5 d6 3. exd6 Bxd6 4. Nf3 Nf6 5. d4 Nc6 6. Nc3 Bf5 7. a3 O-O 8.
Bg5 h6 9. Bxf6 Qxf6 10. e4 Rfe8 11. Bd3 Bg4 12. Nd5 Qd8 13. c3 Ne7 14. Nxe7+
Bxe7 15. e5 Qd7 16. Qb3 b6 17. O-O Be6 18. Bc4 b5 19. Bxe6 fxe6 20. Qc2 c5 21.
Rad1 Qb7 22. Qg6 Bg5 23. Nxg5 hxg5 24. Qxg5 c4 25. Rf6 Rf8 26. Rdf1 Qe4 27.
Rxf8+ Rxf8 28. Rxf8+ Kxf8 29. Qd8+ Kf7 30. Qd7+ Kf8 31. Qd8+ Kf7 32. h4 Qe3+
33. Kh1 Qc1+ 34. Kh2 Qf4+ 35. Kg1 Qc1+ 36. Kh2 Qf4+ 37. Kh3 Qe3+ 38. g3 Qf3 39.
Qd7+ Kg6 40. Qxe6+ Kh5 41. Qe8+ Kh6 42. h5 Qh1+ 43. Kg4 Qe4+ 1/2-1/2

[Event "Automne-B"]
[Site "Gatineau CAN"]
[Date "2016.11.15"]
[Round "4"]
[White "Rioux, Jocelyn"]
[Black "Berthiaume, Serge"]
[Result "1-0"]
[WhiteElo "1388"]
[BlackElo "1448"]
[PlyCount "65"]
[EventDate "2016.10.25"]
[EventType "swiss"]
[EventRounds "5"]
[EventCountry "CAN"]

1. e4 c5 2. Nf3 g6 3. d4 cxd4 4. Nxd4 Nc6 5. Nc3 Bg7 6. Be3 Nf6 7. Bc4 a6 8. a3
Ne5 9. Bb3 O-O 10. f3 Qc7 11. Qe2 d6 12. O-O-O Nfd7 13. f4 Nc6 14. f5 Nf6 15.
fxg6 hxg6 16. h3 Ne5 17. Nf3 b5 18. Qf2 Bb7 19. Ng5 Nc4 20. Bd4 e5 21. Be3 Nxa3
22. Qh4 Nc4 23. Rdf1 Rfd8 24. Rxf6 Bxf6 25. Qh7+ Kf8 26. Ne6+ fxe6 27. Qxc7
Nxe3 28. Bxe6 Be7 29. Qxb7 Re8 30. Nd5 Rab8 31. Qa7 Ra8 32. Qxe3 Kg7 33. Nc7
1-0

[Event "Automne-B"]
[Site "Gatineau CAN"]
[Date "2016.11.15"]
[Round "4"]
[White "Sabourin, Yves"]
[Black "Sigouin, Frederic"]
[Result "1-0"]
[WhiteElo "1463"]
[BlackElo "1148"]
[PlyCount "67"]
[EventDate "2016.10.25"]
[EventType "swiss"]
[EventRounds "5"]
[EventCountry "CAN"]

1. e4 e5 2. Nf3 Nc6 3. Bb5 Nf6 4. d3 d6 5. O-O g6 6. c3 Bd7 7. Nbd2 h6 8. b4
Bg7 9. Bb2 O-O 10. a3 a6 11. Ba4 b5 12. Bb3 Qe7 13. c4 Bg4 14. Qc2 Nd8 15. cxb5
axb5 16. Rfc1 c6 17. a4 Qc7 18. axb5 Rb8 19. bxc6 Rxb4 20. Ba3 Rb6 21. Bd5 Nxd5
22. exd5 e4 23. dxe4 Bxa1 24. Rxa1 Qa7 25. c7 Nb7 26. Bb2 Ra6 27. Qc3 Rxa1+ 28.
Bxa1 f6 29. Nb3 Nc5 30. Nxc5 dxc5 31. h3 Bxf3 32. Qxf6 Qxc7 33. Qh8+ Kf7 34.
Qh7+ 1-0

[Event "Automne-B"]
[Site "Gatineau CAN"]
[Date "2016.11.15"]
[Round "4"]
[White "Traversy, Pierre"]
[Black "Legare, Gilles"]
[Result "1-0"]
[WhiteElo "1210"]
[BlackElo "1055"]
[PlyCount "79"]
[EventDate "2016.10.25"]
[EventType "swiss"]
[EventRounds "5"]
[EventCountry "CAN"]

1. d4 Nf6 2. Nf3 d5 3. c4 e6 4. Nc3 Be7 5. Bg5 h6 6. Bxf6 Bxf6 7. e3 dxc4 8.
Bxc4 Bd7 9. Ne4 Be7 10. Ne5 Bb4+ 11. Nc3 Qf6 12. a3 O-O 13. axb4 b5 14. Nxd7
Nxd7 15. Bxb5 Qg5 16. O-O Nf6 17. Ra5 Qh4 18. Be2 Nh7 19. Rh5 Qe7 20. b5 Kh8
21. Rc5 f5 22. f4 Nf6 23. Bf3 Rab8 24. Re5 Qf7 25. Qb3 Rb6 26. Re1 Ng4 27. Bxg4
fxg4 28. g3 h5 29. Ne4 h4 30. gxh4 Qe7 31. Ng5 Rf6 32. Kg2 c6 33. Rc1 Qd7 34.
Qd3 Rf5 35. Rec5 cxb5 36. Qc2 Rb8 37. Nxe6 Re8 38. Qxf5 Qb7+ 39. Rd5 Qb6 40.
Qh5+ 1-0

[Event "Automne-B"]
[Site "Gatineau CAN"]
[Date "2016.11.22"]
[Round "5"]
[White "Berthiaume, Patrick"]
[Black "Rioux, Jocelyn"]
[Result "0-1"]
[WhiteElo "1416"]
[BlackElo "1388"]
[PlyCount "56"]
[EventDate "2016.10.25"]
[EventType "swiss"]
[EventRounds "5"]
[EventCountry "CAN"]

1. e4 e6 2. d4 d5 3. Nc3 Nf6 4. e5 Nfd7 5. Nf3 c5 6. Bg5 Be7 7. Bxe7 Qxe7 8.
Bb5 O-O 9. O-O a6 10. Bxd7 Bxd7 11. Ne2 Nc6 12. c3 cxd4 13. cxd4 f6 14. Qb3
fxe5 15. Nxe5 Nxe5 16. dxe5 Bb5 17. Rfe1 Qc5 18. Qg3 Qb4 19. Rab1 Qd2 20. Nc3
Bc4 21. b3 Bd3 22. Rbc1 Rac8 23. Qe3 Qxe3 24. Rxe3 Bf5 25. Ree1 d4 26. Nb1 Bxb1
27. Rxb1 Rc2 28. a4 Rfxf2 0-1

[Event "Automne-B"]
[Site "Gatineau CAN"]
[Date "2016.11.22"]
[Round "5"]
[White "Bourbonnais, Luc"]
[Black "Arcand, Pierre"]
[Result "1-0"]
[WhiteElo "1234"]
[BlackElo "1169"]
[PlyCount "61"]
[EventDate "2016.10.25"]
[EventType "swiss"]
[EventRounds "5"]
[EventCountry "CAN"]

1. e4 e5 2. Nf3 Nc6 3. Bb5 Nf6 4. O-O Nxe4 5. Re1 d5 6. Nxe5 Qf6 7. d4 Qxf2+ 8.
Kh1 Qf6 9. Qf3 Qe6 10. Be3 Bd7 11. Nxd7 Qxd7 12. Nd2 Nxd2 13. Bxd2+ Be7 14. Qe2
O-O 15. Bxc6 Qxc6 16. Qxe7 Rfe8 17. Qc5 Qxc5 18. dxc5 c6 19. Kg1 b6 20. b4 Re6
21. Rxe6 fxe6 22. Re1 Kf7 23. Rf1+ Kg8 24. a4 Rf8 25. Rxf8+ Kxf8 26. cxb6 axb6
27. a5 bxa5 28. bxa5 Ke8 29. a6 Kd8 30. a7 Kc8 31. a8=Q+ 1-0

[Event "Automne-B"]
[Site "Gatineau CAN"]
[Date "2016.11.22"]
[Round "5"]
[White "Clermont, Yves"]
[Black "Masse-Garneau, Anthony"]
[Result "0-1"]
[WhiteElo "1268"]
[BlackElo "1355"]
[PlyCount "96"]
[EventDate "2016.10.25"]
[EventType "swiss"]
[EventRounds "5"]
[EventCountry "CAN"]

1. e4 c5 2. Nf3 e6 3. d4 cxd4 4. Nxd4 a6 5. Nc3 Qc7 6. Be2 Nf6 7. O-O Bb4 8.
Bd2 Bxc3 9. Bxc3 Nxe4 10. Bb4 d6 11. Qd3 Nf6 12. Rad1 O-O 13. Qg3 Rd8 14. Bc3
e5 15. Nf3 Ne4 16. Qh4 Nxc3 17. bxc3 f6 18. Bc4+ Kh8 19. Bd3 g5 20. Qh6 Qg7 21.
Qxg7+ Kxg7 22. Nd2 d5 23. Nb3 h5 24. Rfe1 Nc6 25. Nc5 e4 26. Be2 Kg6 27. Rd2 f5
28. Red1 Ne7 29. Rd4 Rd6 30. c4 b6 31. Nb3 Bb7 32. c5 Rc6 33. f3 bxc5 34. Ra4
Rac8 35. fxe4 fxe4 36. Ra5 c4 37. Nd4 Rf6 38. c3 Nf5 39. Rb1 Nxd4 40. cxd4 Rc7
41. Rc5 Rxc5 42. dxc5 Bc6 43. Rb6 Bb5 44. Rxf6+ Kxf6 45. Kf1 c3 46. Bxb5 axb5
47. Ke1 d4 48. c6 Ke6 0-1

[Event "Automne-B"]
[Site "Gatineau CAN"]
[Date "2016.11.22"]
[Round "5"]
[White "Lecorre, Joel"]
[Black "Sabourin, Yves"]
[Result "0-1"]
[WhiteElo "1535"]
[BlackElo "1463"]
[PlyCount "62"]
[EventDate "2016.10.25"]
[EventType "swiss"]
[EventRounds "5"]
[EventCountry "CAN"]

1. e4 e6 2. d3 d5 3. Nd2 Nf6 4. e5 Nfd7 5. d4 c5 6. c3 Nc6 7. Nb3 Be7 8. f4 c4
9. Nd2 b5 10. Ngf3 a5 11. a3 Bb7 12. Be2 b4 13. Nf1 bxc3 14. bxc3 a4 15. Rb1
Qc7 16. Qc2 Na5 17. Ne3 Nb3 18. O-O Nb8 19. f5 Nc6 20. fxe6 fxe6 21. Ng4 h5 22.
Nf2 Kd7 23. Nh3 Nxc1 24. Qxc1 Rhf8 25. Nf4 Bxa3 26. Nxe6 Bxc1 27. Nxc7 Be3+ 28.
Kh1 Kxc7 29. Ra1 g5 30. Rfb1 g4 31. Nh4 Bd2 0-1

[Event "Automne-B"]
[Site "Gatineau CAN"]
[Date "2016.11.22"]
[Round "5"]
[White "Legare, Gilles"]
[Black "Raymond, Robert"]
[Result "0-1"]
[WhiteElo "1055"]
[BlackElo "1326"]
[PlyCount "103"]
[EventDate "2016.10.25"]
[EventType "swiss"]
[EventRounds "5"]
[EventCountry "CAN"]

1. e4 e5 2. Nf3 Nc6 3. Bb5 a6 4. Ba4 Nf6 5. d3 b5 6. Bb3 h6 7. Bd2 d6 8. a3 Be7
9. Nc3 O-O 10. O-O Bg4 11. h3 Bh5 12. g4 Bg6 13. Nh4 Bh7 14. Ne2 Ne8 15. Nf5
Bxf5 16. gxf5 Rb8 17. Ng3 Bg5 18. c3 Kh8 19. Bxg5 Qxg5 20. Qf3 Nf6 21. Kh2 g6
22. Rg1 Qf4 23. Bd1 Nh5 24. Qxf4 Nxf4 25. Be2 h5 26. f6 h4 27. Rae1 hxg3+ 28.
Rxg3 Nxe2 29. Rxe2 Rbe8 30. Rg4 Re6 31. Kg3 Rxf6 32. Rg5 Re6 33. Re3 Rg8 34.
Kh2 f6 35. Rgg3 Re7 36. Ref3 Rf7 37. Rg4 f5 38. exf5 Rxf5 39. Rh4+ Kg7 40. Rg3
Rxf2+ 41. Kg1 Rf4 42. Rh5 Rf6 43. Rhg5 Kf7 44. R3g4 Rf5 45. h4 Rxg5 46. Rxg5
Rh8 47. Rg4 Kf6 48. Kg2 Ne7 49. d4 exd4 50. Rxd4 Nf5 51. Rf4 Rxh4 52. Kf3 0-1

[Event "Automne-B"]
[Site "Gatineau CAN"]
[Date "2016.11.22"]
[Round "5"]
[White "Seguin, Hubert"]
[Black "Berthiaume, Serge"]
[Result "1-0"]
[WhiteElo "1549"]
[BlackElo "1448"]
[PlyCount "59"]
[EventDate "2016.10.25"]
[EventType "swiss"]
[EventRounds "5"]
[EventCountry "CAN"]

1. e4 c5 2. Nc3 Nc6 3. g3 g6 4. Bg2 Bg7 5. d3 e6 6. f4 Nge7 7. Nf3 O-O 8. Be3
d6 9. O-O a6 10. d4 cxd4 11. Nxd4 Qb6 12. Nf5 Qc7 13. Nxg7 Kxg7 14. Qe2 f5 15.
Rfd1 fxe4 16. Nxe4 d5 17. Ng5 h6 18. Nf3 Nf5 19. Bf2 b5 20. Re1 Bd7 21. Rad1
Nb4 22. Nd4 Rfe8 23. Qd2 Nxa2 24. Ra1 Qc4 25. Nxf5+ exf5 26. Bxd5 Qb4 27. Qxb4
Nxb4 28. Bxa8 Nxc2 29. Rxe8 Bxe8 30. Rc1 1-0

[Event "Automne-B"]
[Site "Gatineau CAN"]
[Date "2016.11.22"]
[Round "5"]
[White "Sigouin, Frederic"]
[Black "Simard, Paul"]
[Result "1/2-1/2"]
[WhiteElo "1148"]
[BlackElo "1192"]
[PlyCount "104"]
[EventDate "2016.10.25"]
[EventType "swiss"]
[EventRounds "5"]
[EventCountry "CAN"]

1. e4 e5 2. Nf3 d6 3. Bc4 Be7 4. Nc3 Nf6 5. Ng5 O-O 6. Bxf7+ Rxf7 7. Nxf7 Kxf7
8. Qf3 c6 9. h3 Nbd7 10. d3 h6 11. Ne2 Kg8 12. Bd2 b6 13. O-O-O Nc5 14. g4 Nh7
15. Ng3 Ne6 16. h4 Nd4 17. Qg2 Bxg4 18. Nf5 Bxf5 19. Bxh6 Qf8 20. exf5 Nxf5 21.
Rdg1 Nxh6 22. Qxc6 Nf6 23. Rg6 Nhg4 24. h5 Kf7 25. Qf3 Rc8 26. Rxg4 Ke8 27. Qf5
Kd8 28. Rg6 Kc7 29. Rhg1 Ne8 30. Qxf8 Bxf8 31. Kd2 Kc6 32. Ke3 Kc5 33. Ke4 Nf6+
34. Kf5 Nxh5 35. Ke6 Nf4+ 36. Kd7 Nxg6 37. Kxc8 Nf4 38. Kd7 g5 39. Rxg5 Nh3 40.
Rg8 Bh6 41. Rh8 Nxf2 42. Rxh6 d5 43. Rc6+ Kd4 44. Ke6 e4 45. Rd6 exd3 46. Rxd5+
Ke4 47. cxd3+ Nxd3 48. Rb5 Kd4 49. Kd6 Kc4 50. Kc6 Nb4+ 51. Rxb4+ Kxb4 52. a3+
Kb3 1/2-1/2

[Event "Botvinnik"]
[Site "Quebec CAN"]
[Date "2016.01.11"]
[Round "1"]
[White "Bluteau, Yvon"]
[Black "Boies, Dominique"]
[Result "1-0"]
[WhiteElo "1959"]
[BlackElo "1601"]
[PlyCount "55"]
[EventDate "2016.01.11"]
[EventType "swiss"]
[EventRounds "5"]
[EventCountry "CAN"]

1. Nf3 c5 2. g3 d5 3. d3 Nf6 4. Bg2 Nc6 5. O-O e5 6. Nbd2 Be7 7. Re1 h6 8. e4
d4 9. Nf1 g5 10. Qe2 g4 11. Nh4 Nxe4 12. Bxe4 Bxh4 13. Bxc6+ bxc6 14. Qxe5+ Kd7
15. gxh4 Re8 16. Qxe8+ Qxe8 17. Rxe8 Kxe8 18. Bxh6 Be6 19. b3 Ke7 20. Bf4 Rh8
21. Re1 Kd7 22. Bg5 a5 23. Nd2 a4 24. Ne4 axb3 25. axb3 Ra8 26. Nxc5+ Kd6 27.
Nxe6 fxe6 28. h5 1-0

[Event "Botvinnik"]
[Site "Quebec CAN"]
[Date "2016.01.11"]
[Round "1"]
[White "Laprade, Jean jr"]
[Black "HalHal, Sami"]
[Result "1-0"]
[WhiteElo "1503"]
[BlackElo "1813"]
[PlyCount "97"]
[EventDate "2016.01.11"]
[EventType "swiss"]
[EventRounds "5"]
[EventCountry "CAN"]

1. d4 Nf6 2. Nf3 g6 3. g3 Bg7 4. Nc3 d5 5. Bg2 c6 6. O-O O-O 7. Re1 Bg4 8. Ne5
Bf5 9. f3 Nbd7 10. e4 dxe4 11. fxe4 Be6 12. Nf3 Bg4 13. e5 Nd5 14. Nxd5 cxd5
15. Qd3 Rc8 16. Qb3 Nb6 17. a4 Qd7 18. c3 Na8 19. Nh4 Be6 20. Qc2 Nc7 21. Qe2
a6 22. a5 Bh3 23. Bd2 Bxg2 24. Kxg2 e6 25. Nf3 Ne8 26. h4 Bh8 27. Nh2 Bg7 28.
h5 Rc6 29. Rf1 f6 30. hxg6 hxg6 31. Qg4 Qf7 32. Nf3 Bh8 33. Rh1 fxe5 34. Raf1
Qf5 35. Qh4 Qh5 36. Qe7 Rc7 37. Qxe6+ Rcf7 38. Rxh5 gxh5 39. Ng5 Nc7 40. Qg6+
Rg7 41. Rxf8+ Kxf8 42. Ne6+ Nxe6 43. Qxe6 Re7 44. Bh6+ Bg7 45. Qf6+ Ke8 46.
Bxg7 e4 47. Qf8+ Kd7 48. Bf6 Re8 49. Qf7+ 1-0

[Event "Botvinnik"]
[Site "Quebec CAN"]
[Date "2016.01.11"]
[Round "1"]
[White "Tremblay-Alix, Eric"]
[Black "Fecteau, Martin"]
[Result "1-0"]
[WhiteElo "1771"]
[BlackElo "2006"]
[PlyCount "117"]
[EventDate "2016.01.11"]
[EventType "swiss"]
[EventRounds "5"]
[EventCountry "CAN"]

1. c4 e5 2. Nc3 Nf6 3. Nf3 Nc6 4. g3 d5 5. cxd5 Nxd5 6. d3 Be7 7. Bg2 Nb6 8.
O-O O-O 9. b3 Be6 10. Bb2 f6 11. e3 Qd7 12. Qe2 Bg4 13. Rfd1 Rad8 14. Qf1 Qc8
15. h3 Be6 16. Kh2 f5 17. Rac1 a6 18. Ne2 Bf6 19. Rxc6 bxc6 20. Nxe5 Bd5 21. e4
Bxe5 22. Bxe5 fxe4 23. dxe4 Bf7 24. Nd4 Rfe8 25. Nxc6 Rxd1 26. Qxd1 Qa8 27. Qc1
Qb7 28. Qg5 Bg6 29. Ne7+ Kf7 30. Nxg6 hxg6 31. Qf4+ Kg8 32. Bxc7 Qc6 33. Qd6
Re6 34. Qd8+ Re8 35. e5 Qe6 36. Qd6 Nc8 37. Qxe6+ Rxe6 38. Bd5 Kf7 39. f4 Ne7
40. Bxe6+ Kxe6 41. Kg2 Nd5 42. Bd6 Nc3 43. a3 Ne4 44. Bb4 g5 45. Kf3 Kd5 46. e6
gxf4 47. e7 Nf6 48. gxf4 Kd4 49. Bd6 Ne8 50. Be5+ Kd5 51. Bc3 Ke6 52. Bb4 Nf6
53. a4 Kd5 54. f5 Kd4 55. Kf4 Kd3 56. Bd6 Ne8 57. Be5 a5 58. Kg5 Kc2 59. Kg6
1-0

[Event "Botvinnik"]
[Site "Quebec CAN"]
[Date "2016.01.18"]
[Round "2"]
[White "Dube, Daniel"]
[Black "Tremblay-Alix, Eric"]
[Result "1-0"]
[WhiteElo "1974"]
[BlackElo "1771"]
[PlyCount "125"]
[EventDate "2016.01.11"]
[EventType "swiss"]
[EventRounds "5"]
[EventCountry "CAN"]

1. Nf3 Nf6 2. c4 c5 3. g3 Nc6 4. Bg2 g6 5. O-O Bg7 6. Nc3 O-O 7. d4 d6 8. d5
Nb4 9. a3 Na6 10. Qd3 Bd7 11. Re1 Rc8 12. h3 Nc7 13. e4 a6 14. e5 dxe5 15. Nxe5
b5 16. Nxd7 Qxd7 17. Bf4 Rfd8 18. Rad1 Nh5 19. Be5 Nf6 20. b3 Nce8 21. Qe3 Nd6
22. Qe2 bxc4 23. bxc4 Rb8 24. Rb1 Rxb1 25. Rxb1 Qf5 26. g4 Qd7 27. a4 Qc7 28.
Bf3 Nfe8 29. Bxg7 Kxg7 30. Qe5+ f6 31. Qe2 Nf7 32. Qb2 Ne5 33. Be2 Nd6 34. Qb6
Qxb6 35. Rxb6 Ra8 36. f4 Nexc4 37. Bxc4 Nxc4 38. Rc6 Nd6 39. Rxc5 Rc8 40. Rxc8
Nxc8 41. Kf2 Kf7 42. Ke3 e6 43. Kd4 exd5 44. Kxd5 Ne7+ 45. Kc5 Ke6 46. Kb6 Kd6
47. Ne4+ Ke6 48. Nc5+ Kd6 49. Nxa6 Nd5+ 50. Kb5 Nxf4 51. a5 Nd5 52. Nb4 Nc7+
53. Kb6 f5 54. gxf5 gxf5 55. Nd3 Nd5+ 56. Kb7 f4 57. a6 f3 58. a7 Nc7 59. Nf2
Kd7 60. Ne4 h6 61. h4 h5 62. Nf6+ Kd8 63. Nxh5 1-0

[Event "Botvinnik"]
[Site "Quebec CAN"]
[Date "2016.01.18"]
[Round "2"]
[White "Gaudreau, Eric"]
[Black "Lessard, Claude"]
[Result "0-1"]
[WhiteElo "1778"]
[BlackElo "2025"]
[PlyCount "78"]
[EventDate "2016.01.11"]
[EventType "swiss"]
[EventRounds "5"]
[EventCountry "CAN"]

1. e4 c5 2. Nf3 d6 3. d4 cxd4 4. Nxd4 Nf6 5. Nc3 g6 6. Be3 Bg7 7. f3 O-O 8. Qd2
Nc6 9. Bc4 a6 10. O-O-O Na5 11. Bb3 b5 12. h4 h5 13. Bh6 Nxb3+ 14. axb3 Bb7 15.
Bxg7 Kxg7 16. Kb1 Rc8 17. g4 Rc5 18. g5 Nd7 19. f4 Qa8 20. Rhe1 Rfc8 21. Rc1
Qb8 22. f5 Re5 23. Qf4 b4 24. Nd5 Qa7 25. Nf3 Bxd5 26. exd5 Rxf5 27. Qd4+ Qxd4
28. Nxd4 Rxd5 29. Rxe7 Rxd4 30. Rxd7 Rxh4 31. Rf1 Rf8 32. Rxd6 Rg4 33. Rxa6
Rxg5 34. c4 bxc3 35. bxc3 Rg3 36. Rc6 h4 37. b4 h3 38. b5 h2 39. Kb2 Rg1 0-1